História da fotorreportagem no Brasil : a fotografia na imprensa do Rio de Janeiro de 1839 a 1900 /

Investigación sobre los inicios de la fotografía en la prensa de Río de Janeiro, que abarca desde 1839 hasta 1900, período durante el que la ciudad carioca fue capital de Brasil y por consiguiente, sede de los principales medios impresos del país sudamericano. El está centrado de modo más específico...

Descripció completa

Guardat en:
Dades bibliogràfiques
Autor principal: Andrade, Joaquim Marçal Ferreira de (autor)
Format: Llibre
Idioma:portuguès
Publicat: Río de Janeiro, Brasil : Elsevier, 2004, c2004
Matèries:
Etiquetes: Afegir etiqueta
Sense etiquetes, Sigues el primer a etiquetar aquest registre!

MARC

LEADER 00000nam^a2200000^a^4500
001 000175031
005 20250521000000.0
009 20260310101550.696
020 |a 85-352-1376-7 
037 |a Acervo ITESO - Biblioteca 
041 |a POR 
082 |a 770. 98153104  |b AND 
100 |a Andrade, Joaquim Marçal Ferreira de  |e (autor) 
245 1 0 |a História da fotorreportagem no Brasil :  |b a fotografia na imprensa do Rio de Janeiro de 1839 a 1900 /  |c J.M.F. de Andrade. 
264 4 |a Río de Janeiro, Brasil :  |b Elsevier,  |c 2004, c2004 
300 |a XV, 281 p. 
336 |a texto  |b txt  |2 rdacontenido 
337 |a sin mediación  |b n  |2 rdamedio 
338 |a volumen  |b nc  |2 rdasoporte 
520 |a Investigación sobre los inicios de la fotografía en la prensa de Río de Janeiro, que abarca desde 1839 hasta 1900, período durante el que la ciudad carioca fue capital de Brasil y por consiguiente, sede de los principales medios impresos del país sudamericano. El está centrado de modo más específico en el lapso que transcurre desde el descubrimiento de la fotografía hasta fines de la década de 1870, debido a que en el siguiente decenio la fotografía ingresa a una nueva fase como resultado de la introducción de procesos de reproducción fotomecánica en Estados Unidos y diversos países europeos, que arribarán en forma más tardía a Brasil. 
649 |a XX 
650 |a Fotoperiodismo -  |y Brasil -  |x Historia y Crítica -  |x Tema Principal 
650 |a Fotografía Brasileña -  |x Historia y Crítica 
650 |a Fotografía Brasileña -  |y Siglo XIX 
650 |a Periodismo Gráfico -  |z Río de Janeiro, Brasil -  |x Historia 
650 |a Reportaje Periodístico -  |z Río de Janeiro, Brasil -  |x Historia 
650 |a Géneros Periodísticos -  |z Río de Janeiro, Brasil -  |x Historia 
650 |a Géneros Fotográficos -  |z Río de Janeiro, Brasil -  |x Historia 
650 |a Prensa -  |z Río de Janeiro, Brasil -  |x Historia 
650 |a Medios Impresos -  |z Río de Janeiro, Brasil -  |x Historia 
650 |a Medios de Comunicación -  |z Río de Janeiro, Brasil -  |x Historia 
650 |a Comunicación Visual -  |z Río de Janeiro, Brasil -  |x Historia 
650 |a Arte Brasileño -  |x Historia y Crítica 
650 |a Arte Brasileño -  |y Siglo XIX 
650 |a Río de Janeiro, Brasil -  |x Historia -  |y 1822-1899 
650 |a Río de Janeiro, Brasil -  |x Historia -  |y Siglo XIX 
910 |a Fondo General 
920 |a Impresos - Libros 
930 |a Colección General 
905 |a 101 
901 |a 0500113204  |b IT1  |c ACC  |u 20250521 
902 |a https://opac.biblio.iteso.mx/vufind/Record/000175031